000 00375 a2200169 4500
001 163118
020 _a85-16-02023-1
040 _cMagnum
100 _aGuarabyra, Guttemberg
240 1 0 _aO outro lado do mundo
_lpor
245 1 0 _aO outro lado do mundo
300 _a175
362 0 _a1997
440 1 _aModerna
697 _aLITERATURA INFANTO-JUVENIL
942 _cBK
999 _c163118
_d163118